000 01194nam a2200277 i 4500
001 66824
003 ES-MaACL
005 20251002201618.0
007 t|
008 040405s2003 sp ||||1| spa d
080 _a929 Hernández, Miguel
080 _a821.134.2 Hernández, Miguel 1.07
100 1 _aPérez Alvarez, Ramón.
_990637
245 1 0 _aHacia Miguel Hernández /
_cRamón Pérez Alvarez ; edición y prólogo Aitor L. Larrabide y José Luis Zerón Huguet ; epílogo César Moreno.
260 _aOrihuela (Alicante) :
_bAsociación Cultural Ediciones Empireuma :
_bFundación Cultural Miguel Hernández,
_c[2003]
300 _a131 p. :
_bil. ;
_c25 cm.
490 1 _aBiblioteca hernandiana. Documentos
504 _aBibliografía: p. 14-16.
600 1 4 _aHernández, Miguel,
_d1910-1942-
_xCrítica e interpretación
_962846
700 1 _aLarrabide Achútegui, Aitor Luis.
_970291
700 1 _aZerón Huguet, José Luis.
_9118207
710 2 _aFundación Cultural Miguel Hernández.
_94265
830 1 _aBiblioteca hernandiana.
_aDocumentos
_9230855
852 4 _aES-MaACL
_jL-27288
_z- Dedicatoria autógrafa de Aitor L. Larrabide
999 _c66824
_d66824